独立リーグから支配下指名を受けた選手 - Statistics

General Stats
  • This quiz has been taken 21 times
  • The average score is 18 of 51
Answer Stats
指名年 指名順位 選手名 所属 ポジション % Correct
2020年 阪神8位 石井大智 高知ファイティングドッグス 投手
94%
2006年 ロッテ大社7巡 角中勝也 高知ファイティングドッグス 外野手
82%
2023年 阪神2位 椎葉剛 徳島インディゴソックス 投手
82%
2025年 阪神5位 能登嵩都 オイシックス新潟アルビレックスBC 投手
76%
2013年 中日2位 又吉克樹 香川オリーブガイナーズ 投手
71%
2014年 中日8位 山本雅士 徳島インディゴソックス 投手
71%
2017年 DeNA9位 山本祐大 滋賀ユナイテッドBC 捕手
71%
2017年 西武3位 伊藤翔 徳島インディゴソックス 投手
59%
2023年 ヤクルト5位 伊藤琉偉 信濃グランセローズ 内野手
59%
2023年 DeNA6位 井上絢登 徳島インディゴソックス 外野手
59%
2024年 DeNA3位 加藤響 徳島インディゴソックス 内野手
59%
2017年 楽天5位 田中耀飛 兵庫ブルーサンダーズ 外野手
53%
2018年 阪神6位 湯浅京己 富山GRNサンダーバーズ 投手
53%
2024年 阪神4位 町田隼乙 埼玉武蔵ヒートベアーズ 捕手
47%
2015年 西武10位 松本直晃 香川オリーブガイナーズ 投手
41%
2021年 中日3位 石森大誠 火の国サラマンダーズ 投手
41%
2024年 阪神5位 佐野大陽 富山GRNサンダーバーズ 内野手
41%
2024年 ヤクルト5位 矢野泰二郎 愛媛マンダリンパイレーツ 捕手
41%
2025年 中日3位 篠﨑国忠 徳島インディゴソックス 投手
41%
2019年 西武8位 岸潤一郎 徳島インディゴソックス 外野手
35%
2022年 中日5位 濱将乃介 福井ネクサスエレファンツ 内野手
35%
2023年 ロッテ2位 大谷輝龍 富山GRNサンダーバーズ 投手
35%
2023年 中日5位 土生翔太 茨城アストロプラネッツ 投手
35%
2010年 広島7位 弦本悠希 徳島インディゴソックス 投手
29%
2016年 阪神6位 福永春吾 徳島インディゴソックス 投手
29%
2018年 DeNA6位 知野直人 新潟アルビレックスBC 内野手
29%
2020年 広島5位 行木俊 徳島インディゴソックス 投手
29%
2024年 楽天3位 中込陽翔 徳島インディゴソックス 投手
29%
2024年 DeNA4位 若松尚輝 高知ファイティングドッグス 投手
29%
2024年 楽天6位 陽柏翔 茨城アストロプラネッツ 内野手
29%
2009年 オリックス4位 前田祐二 福井ミラクルエレファンツ 投手
24%
2010年 横浜7位 大原淳也 香川オリーブガイナーズ 内野手
24%
2014年 ヤクルト4位 寺田哲也 香川オリーブガイナーズ 投手
24%
2017年 DeNA6位 寺田光輝 石川ミリオンスターズ 投手
24%
2017年 楽天7位 寺岡寛治 石川ミリオンスターズ 投手
24%
2019年 西武3位 松岡洸希 埼玉武蔵ヒートベアーズ 投手
24%
2008年 オリックス5位 西川雅人 愛媛マンダリンパイレーツ 投手
18%
2009年 横浜5位 福田岳洋 香川オリーブガイナーズ 投手
18%
2010年 横浜8位 靍岡賢二郎 愛媛マンダリンパイレーツ 捕手
18%
2014年 楽天5位 入野貴大 徳島インディゴソックス 投手
18%
2017年 ヤクルト8位 沼田拓巳 石川ミリオンスターズ 投手
18%
2007年 ヤクルト大社6巡 三輪正義 香川オリーブガイナーズ 内野手
12%
2008年 ソフトバンク6位 金無英 福岡レッドワーブラーズ 投手
12%
2009年 日本ハム6位 荒張裕司 徳島インディゴソックス 捕手
12%
2010年 オリックス5位 深江真登 明石レッドソルジャーズ 外野手
12%
2012年 オリックス5位 森本将太 福井ミラクルエレファンツ 投手
12%
2019年 西武7位 上間永遠 徳島インディゴソックス 投手
12%
2023年 西武5位 宮澤太成 徳島インディゴソックス 投手
12%
2006年 巨人大社5巡 深沢和帆 香川オリーブガイナーズ 投手
6%
2012年 ヤクルト5位 星野雄大 香川オリーブガイナーズ 捕手
6%
2013年 オリックス7位 柴田健斗 信濃グランセローズ 投手
6%
No matching quizzes found
Score Distribution
Percent of People with Each Score
Percentile by Number Answered
Your Score History
You have not taken this quiz